Geography A-Z by clue #2 - Statistics

General Stats
  • This quiz has been taken 106 times
  • The average score is 18 of 26
Answer Stats
Hint Letter Answer % Correct
Worlds highest mountain E Everest
98%
Indias longest river G Ganges
97%
Waterfall located on the US-Canadian border N Niagara Falls
94%
Religious city in Islam, Christianity and Judaism J Jerusalem
93%
A country Q Qatar
93%
Highest mountain in Japan F Fuji
92%
Londons busiest airport H Heathrow
92%
Landlocked South East Asian country L Laos
91%
Spanish party island I Ibiza
90%
Asias longest river Y Yangtze
89%
Highest mountain in Greece O Olympus
87%
Capital of a Baltic country R Riga
86%
Worlds highest waterfalls A Angel Falls
85%
Formerly called Rhodesia Z Zimbabwe
84%
Island shared by three countries B Borneo
79%
Lake on the Peru-Bolivian border T Titicaca
79%
Volcano next to Naples V Vesuvius
79%
Capital of the Incan Empire C Cuzco
54%
An island nation U United Kingdom
53%
City in southern China, connecting Hong Kong to the mainland S Shenzhen
48%
Lost the FIFA World Cup 2026 bidding against USA/Canada/Mexico M Morocco
38%
French territory in the Pacific ocean W Wallis and Futuna
29%
Saudi Arabian city bordering the Persian Gulf D Dammam
18%
Northwestern state in Malaysia P Penang
15%
Thai name of Bangkok K Krung Thep
14%
Biggest city in Mexico starting with this letter X Xalapa
9%
No matching quizzes found
Score Distribution
Percent of People with Each Score
Percentile by Number Answered
Your Score History
You have not taken this quiz